Programa de estudio educación parvularia./ (Registro nro. 8733)

Detalles MARC
000 -LEADER
fixed length control field 00879nam a2200181Ia 4500
005 - FECHA Y HORA DE LA ÚLTIMA TRANSACCIÓN
control field 20250316111743.0
008 - FIXED-LENGTH DATA ELEMENTS--GENERAL INFORMATION
fixed length control field 230725s9999 xx 000 0 und d
040 ## - CATALOGING SOURCE
Original cataloging agency UPAN
Transcribing agency Biblioteca San Vicente
Description conventions RCAA2
041 ## - LANGUAGE CODE
Language code of text/sound track or separate title spa
082 ## - DEWEY DECIMAL CLASSIFICATION NUMBER
Classification number 370.712 2
Item number M656n
año de publicación 1995
110 ## - MAIN ENTRY--CORPORATE NAME
Corporate name or jurisdiction name as entry element Ministerio de educación
245 #0 - TITLE STATEMENT
Title Programa de estudio educación parvularia./
Remainder of title Ministerio de educación
260 ## - PUBLICATION, DISTRIBUTION, ETC. (IMPRINT)
Place of publication, distribution, etc El Salvador:
Name of publisher, distributor, etc MINED,
Date of publication, distribution, etc 1995
300 ## - PHYSICAL DESCRIPTION
Extent 133 p.;
Dimensions 24 cm.
505 ## - FORMATTED CONTENTS NOTE
Formatted contents note 1. La naturaleza de la educacion parvularia nacional<br/>2. El currículo de educacion parvularia<br/>3. Objetivos del programa de seis años<br/>4. Orientaciones generales para la aplicación del programa sobre motricidad preparatoria<br/>5. Orientaciones pedagógicas <br/>Unidad Uno. La escuela<br/>Unidad dos. La familia<br/>Unidad tres. La comunidad
650 ## - SUBJECT ADDED ENTRY--TOPICAL TERM
Source of heading or term LEMB
Topical term or geographic name as entry element Educación de niños
General subdivision Enseñanza
942 ## - ADDED ENTRY ELEMENTS (KOHA)
Koha item type Libros
Source of classification or shelving scheme Dewey Decimal Classification
Existencias
Withdrawn status Lost status Source of classification or shelving scheme Damaged status Not for loan Collection code Home library Current library Date acquired Total Checkouts Full call number Barcode Date last seen Copy number Price effective from Koha item type
    Dewey Decimal Classification     Colección General Biblioteca UPAN San Vicente Biblioteca UPAN San Vicente 25/07/2023   370.712 2 M656n 12001285 25/07/2023 01 25/07/2023 Libros